[Event "Balatonalmadi Pannonia Cup 15th"]
[Site "Balatonalmadi"]
[Date "2010.07.29"]
[Round "3"]
[White "Kovacs, David"]
[Black "Kutasi, Kristof"]
[Result "1-0"]
[WhiteElo "2189"]
[BlackElo "1995"]
[PlyCount "65"]
[EventDate "2010.07.28"]
[EventType "swiss"]
[EventRounds "7"]
[EventCountry "HUN"]
[SourceTitle "EXT 2016"]
[Source "ChessBase"]
[SourceDate "2015.10.08"]
[SourceVersion "1"]
[SourceVersionDate "2015.10.08"]
[SourceQuality "1"]

1. e4 c5 2. Nf3 Nc6 3. Bb5 e6 4. Bxc6 bxc6 5. d3 d5 6. Nc3 g6 7. 0-0 Bg7 8. e5 Ne7 9. Re1 0-0 10. Na4 Qa5 11. b3 f6 12. Bb2 d4 13. Ba3 fxe5 14. Bxc5 Qc7 15. Nb2 Rf5 16. Nc4 e4 17. Bd6 Qd7 18. Rxe4 Nd5 19. Qd2 Ba6 20. Be5 Raf8 21. Rae1 c5 22. Bxg7 Qxg7 23. Rxe6 Bxc4 24. dxc4 Nf4 25. Re8 Qb7 26. R1e7 Qc6 27. Rxf8+ Kxf8 28. Rxh7 Kg8 29. Re7 g5 30. Qe1 Qf6 31. Qe4 g4 32. Qa8+ Qf8 33. Re8 1-0

[Event "HUN-ch U14"]
[Site "Balatonlelle"]
[Date "2009.07.04"]
[Round "8"]
[White "Becskei, Zoltan"]
[Black "Kutasi, Kristof"]
[Result "1/2-1/2"]
[WhiteElo "1907"]
[BlackElo "1945"]
[PlyCount "76"]
[EventDate "2009.06.27"]
[EventType "swiss"]
[EventRounds "9"]
[EventCountry "HUN"]
[SourceTitle "EXT 2011"]
[Source "ChessBase"]
[SourceDate "2010.11.26"]
[SourceVersion "1"]
[SourceVersionDate "2010.11.26"]
[SourceQuality "1"]

1. e4 c5 2. Nf3 Nc6 3. Bb5 Nd4 4. Nxd4 cxd4 5. 0-0 g6 6. c3 Bg7 7. cxd4 Bxd4 8. Nc3 Nf6 9. d3 0-0 10. Bh6 Re8 11. Qe2 a6 12. Ba4 b5 13. Bb3 d6 14. h3 e6 15. Kh1 Bb7 16. f4 Nh5 17. Qg4 d5 18. f5 Qd6 19. Rf3 exf5 20. exf5 Be5 21. fxg6 fxg6 22. Ne4 Qd8 23. Raf1 Kh8 24. Rf8+ Rxf8 25. Rxf8+ Qxf8 26. Bxf8 Rxf8 27. Nd2 Bc8 28. Qd1 Ng3+ 29. Kg1 Bd4+ 30. Kh2 Be5 31. Nf3 Bf4 32. Qe1 Ne2+ 33. Kh1 Re8 34. Qb4 Ng3+ 35. Kg1 Be3+ 36. Kh2 Nf1+ 37. Kh1 Ng3+ 38. Kh2 Nf1+ 1/2-1/2

[Event "HUN-chT U18"]
[Site "Miskolc"]
[Date "2008.10.30"]
[Round "7.8"]
[White "Kutasi, Kristof"]
[Black "Gergely, Akos"]
[Result "1-0"]
[WhiteElo "1984"]
[BlackElo "1752"]
[PlyCount "53"]
[EventDate "2008.10.27"]
[EventType "team-swiss"]
[EventRounds "8"]
[EventCountry "HUN"]
[SourceTitle "EXT 2016"]
[Source "ChessBase"]
[SourceDate "2015.10.08"]
[SourceVersion "1"]
[SourceVersionDate "2015.10.08"]
[SourceQuality "1"]

1. e4 e5 2. Nf3 Nc6 3. Bb5 a6 4. Ba4 Nf6 5. 0-0 b5 6. Bb3 Be7 7. Re1 0-0 8. c3 d6 9. h3 Bb7 10. d4 Na5 11. Bc2 Nc4 12. b3 Nb6 13. Nbd2 Nfd7 14. Nf1 Bf6 15. d5 g6 16. Bh6 Bg7 17. Bxg7 Kxg7 18. Ne3 Nc5 19. Qe2 Re8 20. a4 bxa4 21. bxa4 a5 22. Rab1 Ba6 23. Qd2 Qd7 24. Ng4 Qe7 25. Qh6+ Kg8 26. Ng5 f6 27. Nxf6+ 1-0

[Event "HUN-chT U18"]
[Site "Miskolc"]
[Date "2008.10.29"]
[Round "5.8"]
[White "Szlovak, Gabor"]
[Black "Kutasi, Kristof"]
[Result "1-0"]
[WhiteElo "1681"]
[BlackElo "1984"]
[PlyCount "75"]
[EventDate "2008.10.27"]
[EventType "team-swiss"]
[EventRounds "8"]
[EventCountry "HUN"]
[SourceTitle "EXT 2016"]
[Source "ChessBase"]
[SourceDate "2015.10.08"]
[SourceVersion "1"]
[SourceVersionDate "2015.10.08"]
[SourceQuality "1"]

1. e4 c5 2. Nf3 d6 3. d4 cxd4 4. Nxd4 Nf6 5. Nc3 a6 6. Be3 e5 7. Nb3 Be6 8. Be2 Be7 9. 0-0 0-0 10. f4 exf4 11. Bxf4 Nc6 12. Nd4 Qb6 13. Be3 Qxb2 14. Qd2 Nxd4 15. Bxd4 Qa3 16. Qg5 h6 17. Qg3 Kh8 18. Qh4 Rac8 19. Rf3 Qa5 20. Rg3 Rxc3 21. Bxc3 Qc5+ 22. Kh1 Ng4 23. Bxg7+ Kg8 24. Qxg4 Bxg4 25. Rxg4 Bg5 26. Bxh6 f6 27. h4 Re8 28. Bxg5 Kh7 29. Bxf6 Qxc2 30. Bf3 Rf8 31. e5 dxe5 32. Be4+ Qxe4 33. Rxe4 Rxf6 34. Rxe5 Rf4 35. Re7+ Kh6 36. Rxb7 Rxh4+ 37. Kg1 Ra4 38. Kf2 1-0

[Event "Veszprem Hemo op"]
[Site "Veszprem"]
[Date "2008.08.17"]
[Round "2"]
[White "Hegedus, Gyula"]
[Black "Kutasi, Kristof"]
[Result "0-1"]
[WhiteElo "2160"]
[BlackElo "1943"]
[PlyCount "76"]
[EventDate "2008.08.16"]
[EventType "swiss"]
[EventRounds "7"]
[EventCountry "HUN"]
[SourceTitle "EXT 2011"]
[Source "ChessBase"]
[SourceDate "2010.11.26"]
[SourceVersion "1"]
[SourceVersionDate "2010.11.26"]
[SourceQuality "1"]

1. e4 c5 2. Nf3 d6 3. d4 cxd4 4. Nxd4 Nf6 5. Nc3 a6 6. Be2 e5 7. Nb3 Be7 8. Be3 Be6 9. Bf3 0-0 10. 0-0 Nbd7 11. Qe2 Rc8 12. Rfd1 Nb6 13. Bxb6 Qxb6 14. Nd5 Bxd5 15. exd5 Nd7 16. c3 Rce8 17. Qe3 Qc7 18. Qe4 f5 19. Qb4 Bd8 20. Be2 Nf6 21. Rac1 g5 22. a4 g4 23. a5 f4 24. c4 g3 25. hxg3 fxg3 26. fxg3 Ne4 27. Bh5 Nxg3 28. Bxe8 Ne2+ 29. Kh1 Rf4 30. Qe1 Rh4+ 31. Qxh4 Bxh4 32. Rc2 Ng3+ 33. Kg1 Bg5 34. Rd3 Bf4 35. c5 Qe7 36. c6 Qh4 37. Rxg3+ Qxg3 38. cxb7 Qe1# 0-1

[Event "Veszprem Hemo op"]
[Site "Veszprem"]
[Date "2008.08.17"]
[Round "3"]
[White "Kutasi, Kristof"]
[Black "Ruszin, Anna"]
[Result "0-1"]
[WhiteElo "1943"]
[BlackElo "2132"]
[PlyCount "84"]
[EventDate "2008.08.16"]
[EventType "swiss"]
[EventRounds "7"]
[EventCountry "HUN"]
[SourceTitle "EXT 2011"]
[Source "ChessBase"]
[SourceDate "2010.11.26"]
[SourceVersion "1"]
[SourceVersionDate "2010.11.26"]
[SourceQuality "1"]

1. e4 c5 2. Nf3 Nc6 3. d4 cxd4 4. Nxd4 e5 5. Nb5 d6 6. N1c3 a6 7. Na3 b5 8. Nd5 Nge7 9. c4 bxc4 10. Bxc4 Nxd5 11. Bxd5 Qc7 12. Be3 Be7 13. 0-0 Bb7 14. Rc1 Rc8 15. Qa4 Qd7 16. Nc4 Bd8 17. Nb6 Bxb6 18. Bxb6 Nd8 19. Bxb7 Qxa4 20. Rxc8 0-0 21. Bxd8 h6 22. Rfc1 Qxa2 23. h4 Kh7 24. Bd5 Qxb2 25. Be7 Rxc8 26. Rxc8 Qb4 27. Kh2 h5 28. Bg5 f6 29. Be3 a5 30. Rc7 a4 31. Be6 Qxe4 32. g3 d5 33. Ra7 d4 34. Rxa4 Qf3 35. Bxd4 exd4 36. Ra2 d3 37. Bc4 Qe4 38. Ba6 f5 39. Rd2 Qe1 40. Rxd3 Qxf2+ 41. Kh1 f4 42. Bc8 Qf1+ 0-1

[Event "Eger Tavasz op"]
[Site "Eger"]
[Date "2008.05.03"]
[Round "4"]
[White "Kutasi, Kristof"]
[Black "Kis, Jozsef"]
[Result "1/2-1/2"]
[WhiteElo "1894"]
[BlackElo "2119"]
[PlyCount "56"]
[EventDate "2008.05.01"]
[EventType "swiss"]
[EventRounds "7"]
[EventCountry "HUN"]
[SourceTitle "EXT 2011"]
[Source "ChessBase"]
[SourceDate "2010.11.26"]
[SourceVersion "1"]
[SourceVersionDate "2010.11.26"]
[SourceQuality "1"]

1. e4 g6 2. d4 Bg7 3. f4 c5 4. c3 cxd4 5. cxd4 Qb6 6. Nf3 d6 7. Bc4 Qb4+ 8. Nbd2 Nc6 9. e5 Nh6 10. Qb3 0-0 11. 0-0 a5 12. d5 Qc5+ 13. Kh1 a4 14. Qc3 Na5 15. b4 axb3 16. axb3 Qc7 17. b4 b5 18. bxa5 bxc4 19. Bb2 Ba6 20. Rfc1 Rfc8 21. Nf1 Rab8 22. Ra3 Qc5 23. Ne3 Qb5 24. Rc2 Nf5 25. Nxf5 gxf5 26. Rd2 Qc5 27. h3 Rb7 28. Nd4 Qb4 1/2-1/2

[Event "Budapest FS05 FM-B"]
[Site "Budapest"]
[Date "2007.05.09"]
[Round "5"]
[White "Kutasi, Kristof"]
[Black "Lakat, Gyula"]
[Result "1-0"]
[WhiteElo "1935"]
[BlackElo "1949"]
[PlyCount "89"]
[EventDate "2007.05.05"]
[EventType "tourn"]
[EventRounds "10"]
[EventCountry "HUN"]
[SourceTitle "CBM 118 Extra"]
[Source "ChessBase"]
[SourceDate "2007.07.04"]
[SourceVersion "1"]
[SourceVersionDate "2007.07.04"]
[SourceQuality "1"]

1. e4 d5 2. exd5 Nf6 3. c4 c6 4. d4 cxd5 5. Nc3 Nc6 6. Nf3 Bg4 7. cxd5 Nxd5 8. Bc4 e6 9. 0-0 Be7 10. Be3 0-0 11. Be2 Bf6 12. h3 Bf5 13. Nxd5 Qxd5 14. Qd2 Rfd8 15. Rfd1 Rd7 16. Qc3 Be4 17. Ne5 Rc7 18. Bf4 Rcc8 19. Qe3 Bxg2 20. Kh2 Qe4 21. f3 Bxf3 22. Bxf3 Qxe3 23. Bxe3 Nxe5 24. Bxb7 Rc2+ 25. Kg1 Rb8 26. dxe5 Bxe5 27. Bxa7 Rf8 28. Rac1 Rxb2 29. Bc5 Rxb7 30. Bxf8 Kxf8 31. Rc8+ Ke7 32. Ra8 Bb8 33. a4 e5 34. Ra1 Ba7+ 35. Kf1 Bd4 36. Ra2 f5 37. a5 Rb1+ 38. Kg2 f4 39. a6 e4 40. a7 f3+ 41. Kg3 Be5+ 42. Kg4 g6 43. Re8+ Kxe8 44. a8Q+ Bb8 45. Qxe4+ 1-0

[Event "Budapest FS05 FM-B"]
[Site "Budapest"]
[Date "2007.05.05"]
[Round "1"]
[White "Henrichsen, Jens"]
[Black "Kutasi, Kristof"]
[Result "1-0"]
[WhiteElo "2028"]
[BlackElo "1935"]
[PlyCount "49"]
[EventDate "2007.05.05"]
[EventType "tourn"]
[EventRounds "10"]
[EventCountry "HUN"]
[SourceTitle "CBM 118 Extra"]
[Source "ChessBase"]
[SourceDate "2007.07.04"]
[SourceVersion "1"]
[SourceVersionDate "2007.07.04"]
[SourceQuality "1"]

1. d4 d5 2. c4 c6 3. Nf3 Nf6 4. Nc3 e6 5. e3 Nbd7 6. Bd3 dxc4 7. Bxc4 b5 8. Bd3 Bb7 9. 0-0 b4 10. Ne4 c5 11. Nxf6+ Qxf6 12. Ne5 Bd6 13. Nxd7 Bxh2+ 14. Kxh2 Qh4+ 15. Kg1 Bxg2 16. Kxg2 Qg5+ 17. Kh3 Qh6+ 18. Kg3 f5 19. Qf3 Kxd7 20. Bb5+ Ke7 21. Rh1 Qg6+ 22. Kh2 h5 23. Rg1 Qf6 24. Qb7+ Kd6 25. Qd7# 1-0

[Event "Budapest FS12 Elo-B"]
[Site "Budapest"]
[Date "2006.12.08"]
[Round "7"]
[White "Kutasi, Kristof"]
[Black "Havaskori, Laszlo"]
[Result "0-1"]
[WhiteElo "1937"]
[BlackElo "2029"]
[PlyCount "66"]
[EventDate "2006.12.02"]
[EventType "tourn"]
[EventRounds "13"]
[EventCountry "HUN"]
[SourceTitle "CBM 115 Extra"]
[Source "ChessBase"]
[SourceDate "2007.01.10"]
[SourceVersion "1"]
[SourceVersionDate "2007.01.10"]
[SourceQuality "1"]

1. e4 e6 2. d4 d5 3. Nc3 Nf6 4. Bg5 Be7 5. Bxf6 Bxf6 6. Nf3 0-0 7. Bd3 c5 8. e5 Be7 9. 0-0 c4 10. Be2 Nc6 11. Ne1 Qb6 12. Nf3 Qxb2 13. Na4 Qa3 14. c3 Bd7 15. Qc2 Nxd4 16. Nxd4 Bxa4 17. Qd2 Bc5 18. Bg4 Bxd4 19. Qxd4 Qe7 20. Rfe1 b6 21. Re3 Bc2 22. Rg3 Bg6 23. Bf3 f6 24. Re1 f5 25. Rh3 f4 26. Bg4 Rae8 27. Rf3 Qg5 28. Bh3 Bh5 29. Bxe6+ Rxe6 30. Qxd5 Qe7 31. Rh3 Bg4 32. Qxc4 Bxh3 33. gxh3 Kh8 0-1

[Event "Budapest FS12 Elo-B"]
[Site "Budapest"]
[Date "2006.12.06"]
[Round "5"]
[White "Czimer, Jozsef"]
[Black "Kutasi, Kristof"]
[Result "1-0"]
[WhiteElo "1857"]
[BlackElo "1937"]
[PlyCount "73"]
[EventDate "2006.12.02"]
[EventType "tourn"]
[EventRounds "13"]
[EventCountry "HUN"]
[SourceTitle "CBM 115 Extra"]
[Source "ChessBase"]
[SourceDate "2007.01.10"]
[SourceVersion "1"]
[SourceVersionDate "2007.01.10"]
[SourceQuality "1"]

1. e4 c5 2. c3 Nf6 3. e5 Nd5 4. d4 cxd4 5. cxd4 e6 6. Nc3 d6 7. Nf3 Nc6 8. a3 Be7 9. Bb5 0-0 10. 0-0 a6 11. Bd3 h6 12. Ne4 b5 13. b4 dxe5 14. dxe5 Bb7 15. Bb2 Qb6 16. g3 Rfd8 17. Qe2 Rd7 18. Rac1 Rad8 19. Bb1 Bf8 20. h4 h5 21. Rfd1 g6 22. Rd3 Na7 23. Bd4 Nf4 24. gxf4 Rxd4 25. Nxd4 Rxd4 26. Rxd4 Qxd4 27. Rd1 Qb6 28. Qe3 Qxe3 29. fxe3 Be7 30. Rd7 Nc6 31. Rxb7 Nxb4 32. Rxe7 Nd5 33. Nf6+ Kf8 34. Re8+ Kg7 35. Rg8+ Kh6 36. Nxd5 exd5 37. Ba2 1-0